000 01492cam a22004331i 4500
999 _c27490
_d27490
001 9780203752227
003 FlBoTFG
005 20240802120036.0
006 m o d
007 cr |||||||||||
008 180522s2018 flu o 000 0 eng d
020 _a9781351441346
_q(ePub ebook)
020 _a1351441345
020 _a9781351441353
_q(PDF ebook)
020 _a1351441353
_q(PDF ebook)
020 _a9781351441339
_q(Mobipocket ebook)
020 _a1351441337
_q(Mobipocket ebook)
020 _a9780203752227
_q(ebook)
020 _a0203752228
_q(ebook)
024 8 _a10.1201/9780203752227
_2doi
035 _a(OCoLC)1063668410
035 _a(OCoLC-P)1063668410
040 _aOCoLC-P
_beng
_erda
_epn
_cOCoLC-P
050 4 _aTP149
082 0 4 _a660.2804
_223
100 1 _aKletz, Trevor A.,
_eauthor.
245 1 0 _aHazop & Hazan :
_bidentifying and assessing process industry hazards /
_cTrevor A. Kletz.
250 _aFourth edition.
264 1 _aBoca Raton :
_bCRC Press,
_c2018.
300 _a1 online resource
336 _atext
_btxt
_2rdacontent
337 _acomputer
_bc
_2rdamedia
338 _aonline resource
_bcr
_2rdacarrier
588 _aOCLC-licensed vendor bibliographic record.
650 0 _aChemical engineering
_xSafety measures.
856 4 0 _3Taylor & Francis
_uhttps://www.taylorfrancis.com/books/9780203752227
856 4 2 _3OCLC metadata license agreement
_uhttp://www.oclc.org/content/dam/oclc/forms/terms/vbrl-201703.pdf
942 _2ddc
_cEBK